000 nam a22 7a 4500
999 _c329332
_d329332
003 Nust
005 20170503113645.0
008 170503b xxu||||| |||| 00| 0 eng d
040 _cDLC
082 _a627.52 SIN
100 _4Singh, Prabhat
245 _aDimension of Irrigation
942 _2ddc
_cBK